STM and professional new titles : September - December 2004

Đã lưu trong:
书目详细资料
格式: 图书
语言:Undetermined
出版: London Taylor & Francis 2004
主题:
标签: 添加标签
没有标签, 成为第一个标记此记录!
Thư viện lưu trữ: Trung tâm Học liệu Trường Đại học Cần Thơ
LEADER 00449nam a2200169Ia 4500
001 CTU_69348
008 210402s9999 xx 000 0 und d
082 |a 016 
082 |b S775 
245 0 |a STM and professional new titles : 
245 0 |b September - December 2004 
260 |a London 
260 |b Taylor & Francis 
260 |c 2004 
650 |a Book catalogs 
904 |i Mai Loan 
980 |a Trung tâm Học liệu Trường Đại học Cần Thơ